Mistrzostwa świata w piłce nożnej 1930 - Statystyki

Ogólne statystyki
  • Ten quiz został rozwiązany 30 razy
  • Średni wynik to 10 z 13
Statystyki odpowiedzi
Grupa Państwo % Poprawnych
Grupa 2 Brazylia
100%
Grupa 3 Urugwaj
100%
Grupa 1 Francja
93%
Grupa 1 Argentyna
89%
Grupa 4 Stany Zjednoczone
89%
Grupa 1 Meksyk
85%
Grupa 1 Chile
78%
Grupa 3 Peru
74%
Grupa 4 Paragwaj
70%
Grupa 2 Boliwia
67%
Grupa 2 Jugosławia
59%
Grupa 4 Belgia
56%
Grupa 3 Rumunia
56%
Nie znaleziono quizów pasujących do podanych kryteriów
Rozkład punktacji
Procent ludzi z każdym wynikiem
Percentyl według liczby udzielonych odpowiedzi
Twoja historia wyników
Nie rozwiązałeś tego quizu